Statystyki dla Rozponaj rapera po imieniu i nazwisku

Kliknij tutaj aby rozwiązać quiz!

Ogólne statystyki

  • Ten quiz został rozwiązany 193 razy
  • Średni wynik to 22 z 47

Statystyki odpowiedzi

Imię i nazwisko rapera/producentapseudomin% Poprawnych
Szymon SobelSobel
95%
Michał MatczakMata
88%
Mateusz SzpakowskiSzpaku
79%
Borys PrzybylskiBedoes
78%
Kuba GrabowskiQuebonafide
78%
Adrian NowakAdi Nowak
74%
Filip SzcześniakTaco Hemingway
73%
Mosa GhwasiMalik Montana
69%
Tymoteusz BuckiTymek
68%
Igor BugajczykReTo
67%
Łukasz PaluszakPaluch
65%
Sebastian CzekajWhite 2115
65%
Patryk WozińskiKizo
63%
Michał RychlikYoung Multi
60%
Tomasz BoryckiBorixon
58%
Jan PasulaJan-Rapowanie
56%
Karol PoziemskiSolar
56%
Kamil ŁankaLanek
54%
Wacław OsieckiWac Toja
53%
Norbert SmolińskiSmolasty
52%
Oskar KamińskiOKI
51%
Adam OstrowskiO.S.T.R.
51%
Paweł MikołajuwPopek
51%
Mateusz ZawistowskiŻabson
51%
Mateusz BluzaGuzior
50%
Igor OśmiałowskiYoung Igi
49%
Mateusz KaraśBiałas
48%
Krystian OlszewskiOlszakumpel
47%
Mariusz GollingSarius
44%
Piotr SiaraKękę
43%
Marcin GutkowskiKali
38%
Miłosz StępieńOtsochodzi
38%
Wojciech SosnowskiSokół
29%
Jakub BireckiB.R.O
27%
Adrian PołońskiBeteo
26%
Patryk LubaśQry
26%
Wojciech LaskowskiSchafter
24%
Paweł ŚwidnickiZeamsone
19%
Jakub JankowskiKartky
18%
Bartosz KrupaPlanBe
17%
Jakub SalepaKubi Producent
15%
Jakub ZdziechZeTha
14%
Patryk StefańskiBlacha
13%
Tomasz IwancaGrubson
12%
Dominik CzajkaMr Polska
12%
Przemysław MichalskiTrill Pem
11%
Sebastian JańczakBEKA KSH
6%

Rozkład punktacji

Percentyl według liczby udzielonych odpowiedzi

Procent ludzi z każdym wynikiem

Twoja historia wyników

Nie rozwiązałeś tego quizu